| 000 | 00000nam##2200000za#4500 |
| 001 | 9.700298 |
| 003 | CaOODSP |
| 005 | 20210625000755 |
| 007 | cr ||||||||||| |
| 008 | 150407|1985||||xxc|||||o f|0| 0 eng|d |
| 040 | |aCaOODSP|beng |
| 043 | |an-cn--- |
| 086 | 1 |aA53-1779/1985E-PDF |
| 110 | 1 |aCanada.|bAgriculture Canada. |bCommunications Branch. |
| 245 | 10|aLeafhoppers of ornamental and fruit trees in Canada / |h[electronic resource]|c[by] K.G.A. Hamilton. |
| 260 | |aOttawa - Ontario : |bAgriculture Canada. |cc1985. |
| 300 | |a76p.|bcoloured illus., figs. |
| 500 | |aHistorical publication digitized by Agriculture and Agri-Food Canada. |
| 590 | |a15-02-Supp|b2015-02-16 |
| 690 | 07|aGardening|2gcpds |
| 690 | 07|aNorthern Canada|2gcpds |
| 720 | 1 |aHamilton, K. G. A. |
| 775 | 08|tCicadelles des arbres ornementaux et fruitiers du Canada / |w(CaOODSP)9.644195 |
| 856 | 40|ahttp://publications.gc.ca|qPDF|s5379 KB|uhttps://publications.gc.ca/collections/collection_2015/aac-aafc/A53-1779-1985-eng.pdf |
| 986 | |aPublication 1779/E |